In Introduction to Muchroom Production in Nigeria (Record no. 3517)

MARC details
000 -LEADER
fixed length control field 00419nam a22001457a 4500
008 - FIXED-LENGTH DATA ELEMENTS--GENERAL INFORMATION
fixed length control field 250515b |||||||| |||| 00| 0 eng d
020 ## - INTERNATIONAL STANDARD BOOK NUMBER
ISBN 9789789621866
100 ## - MAIN ENTRY--AUTHOR
Author Keta, J.N
245 ## - TITLE STATEMENT
Title In Introduction to Muchroom Production in Nigeria
260 ## - PUBLICATION, DISTRIBUTION, ETC. (IMPRINT)
Place of publication Kaduna
Name of publisher ABU Press Ltd.
Date of publication 2016
300 ## - COLLATION
Pagination xi,120p.
Other physical details ill.
650 ## - TRACINGS
Main Subject Mushroom Production-Nigeria
Subdivision (1st) Edible Mushroom-Nigeria
942 ## - ADDED ENTRY ELEMENTS (KOHA)
Item type Books
050 ## - LIBRARY OF CONGRESS CALL NUMBER
Classification number QK617
Item number K48
Holdings
Source of classification or shelving scheme Not for loan Permanent location Current location Date acquired Accession No. Full call number Barcode. Koha item type
Library of Congress Classification   Samuel Ogbemudia Main Library, University of Abuja Samuel Ogbemudia Main Library, University of Abuja 05/15/2025 2025/64459 QK617.K48 2025-1990 Books